000 00355nam a2200133 i 4500
001 bg
100 1 _aPUSTY, T.
245 0 _aTransport drogowy materałów niebezpiecznych w ruchu krajowym i międzynarodowym.Z.1 /
_cT.Pusty.
260 _aWarszawa,
_c1989.
040 _cBPK
041 _apol
942 _cKS
008 s pl f |000 0 pol
999 _c28717
_d28717
856 _uhttp://koha.tu.koszalin.pl/cgi-bin/koha/opac-detail.pl?biblionumber=28717
_yKatalog online BPK